01289cam a22003255a 45000010009000000050017000090080041000260100017000670150015000840200015000990200018001140350023001320400054001550430021002090820027002301000054002572450090003112600047004013000033004484900051004815040064005326500010005966510053006066510052006596510061007116530022007729420008007949990017008029520144008191432975020170321100614.0060405s2006 enkb frb 001 0 eng d a 2006296132 aGBA4-Y1446 a1850434522 a9781850434528 a(OCoLC)ocm56461489 aUKMbengcUKMdOCLCQdBAKERdBWKUKdDLCdEG-ScBUE ae-uk---af------04a353.150941096bKIR2221 aKirk-Greene, A. H. M.q(Anthony Hamilton Millard)10aSymbol of authority :bthe British district officer in Africa /cAnthony Kirk-Greene. aLondon ;aNew York :bI. B. Tauris,c2006. axxi, 333 p. :bmap ;c23 cm.0 aInternational library of colonial history ;v1 aIncludes bibliographical references (p. 305-322) and index. 2BUEsh 7aGreat BritainxColonieszAfricaxHistory.2BUEsh 7aGreat BritainxColoniesxAdministration.2BUEsh 7aGreat BritainxColoniesxOfficials and employees.2BUEsh bBUSBOLcMarch2017 2ddc c24494d24466 00102ddc40708AUCaMAINbMAINc1STd2017-03-21ePurchaseg120.00h1700l0o353.150941096 KIRp000041424r2025-07-15 00:00:00v150.00yBB